[Event "Bundesliga 9899"]
[Site "Deutschland"]
[Date "1999.04.17"]
[Round "14.2"]
[White "Cvitan, Ognjen"]
[Black "Agdestein, Simen"]
[Result "0-1"]
[WhiteElo "2521"]
[BlackElo "2550"]
[PlyCount "82"]
[EventDate "1998.10.17"]
[EventType "team"]
[EventRounds "15"]
[EventCountry "GER"]
[SourceTitle "Bundesliga 9899"]
[Source "DeepChess"]
[SourceDate "2005.01.01"]
[SourceVersion "1"]
[SourceVersionDate "2005.01.01"]
[SourceQuality "1"]
[WhiteTeam "SK Zaehringen 1921"]
[BlackTeam "Delmenhorster SK 1931"]
[WhiteTeamCountry "GER"]
[BlackTeamCountry "GER"]

1. d4 d5 2. c4 c6 3. Nf3 Nf6 4. cxd5 cxd5 5. Nc3 Nc6 6. Bf4 a6 7. Rc1 Bf5 8. e3
Rc8 9. Be2 e6 10. O-O Bd6 11. Bxd6 Qxd6 12. Na4 O-O 13. Nc5 Rc7 14. Qa4 Rfc8
15. Rc3 Ne4 16. Nxe4 Bxe4 17. Rfc1 Bxf3 18. Bxf3 g6 19. Rc5 Nb8 20. g3 Nd7 21.
Rxc7 Rxc7 22. Rxc7 Qxc7 23. Kg2 g5 24. Qb4 Nf6 25. Qc5 Qxc5 26. dxc5 a5 27. a3
Kf8 28. b4 axb4 29. axb4 Ke7 30. Be2 Nd7 31. f4 gxf4 32. gxf4 Nb8 33. Bb5 Nc6
34. Bxc6 bxc6 35. Kf3 Kd7 36. e4 Kc7 37. f5 Kb7 38. exd5 exd5 39. f6 Ka6 40.
Kf4 Kb5 41. Ke5 h5 0-1

[Event "Bundesliga 9899"]
[Site "Deutschland"]
[Date "1999.04.17"]
[Round "14.3"]
[White "Conquest, Stuart"]
[Black "Pelletier, Yannick"]
[Result "0-1"]
[WhiteElo "2490"]
[BlackElo "2483"]
[PlyCount "84"]
[EventDate "1998.10.17"]
[EventType "team"]
[EventRounds "15"]
[EventCountry "GER"]
[SourceTitle "Bundesliga 9899"]
[Source "DeepChess"]
[SourceDate "2005.01.01"]
[SourceVersion "1"]
[SourceVersionDate "2005.01.01"]
[SourceQuality "1"]
[WhiteTeam "Delmenhorster SK 1931"]
[BlackTeam "SK Zaehringen 1921"]
[WhiteTeamCountry "GER"]
[BlackTeamCountry "GER"]

1. e4 c5 2. Nc3 Nc6 3. g3 g6 4. Bg2 Bg7 5. d3 e6 6. h4 h5 7. Nh3 d6 8. O-O Qb6
9. Bd2 Nf6 10. Rb1 O-O 11. Qc1 Nd4 12. Kh1 Rb8 13. Bh6 Qd8 14. Bxg7 Kxg7 15. b4
Qc7 16. Qd2 b5 17. f4 Bb7 18. Ne2 Nxe2 19. Qxe2 d5 20. Ng5 d4 21. Bh3 Rfe8 22.
Kh2 Rbc8 23. Rf2 cxb4 24. Rxb4 Qc5 25. Rb1 Rc7 26. Rbf1 Ng8 27. Qd1 Qd6 28. f5
exf5 29. exf5 Re3 30. Rg1 Nh6 31. Qb1 a6 32. fxg6 fxg6 33. Qb3 Bd5 34. Qb2 Bb7
35. Qa1 Bc8 36. Ne4 Qe5 37. Bxc8 Rxc8 38. Kh1 Nf5 39. a4 b4 40. Qa2 Rc7 41. Qb1
Rxe4 42. dxe4 Nxg3+ 0-1

[Event "Bundesliga 9899"]
[Site "Deutschland"]
[Date "1999.04.17"]
[Round "14.4"]
[White "Siegel, Georg"]
[Black "Gisbrecht, Ewgeni"]
[Result "1/2-1/2"]
[WhiteElo "2483"]
[BlackElo "2405"]
[PlyCount "114"]
[EventDate "1998.10.17"]
[EventType "team"]
[EventRounds "15"]
[EventCountry "GER"]
[SourceTitle "Bundesliga 9899"]
[Source "DeepChess"]
[SourceDate "2005.01.01"]
[SourceVersion "1"]
[SourceVersionDate "2005.01.01"]
[SourceQuality "1"]
[WhiteTeam "SK Zaehringen 1921"]
[BlackTeam "Delmenhorster SK 1931"]
[WhiteTeamCountry "GER"]
[BlackTeamCountry "GER"]

1. d4 d5 2. c4 c6 3. Nf3 Nf6 4. Nc3 a6 5. c5 g6 6. Bf4 Bg7 7. h3 Ne4 8. e3 Nd7
9. Qc2 Nxc3 10. Qxc3 O-O 11. Be2 Re8 12. O-O f6 13. Bh2 e5 14. b4 exd4 15. Nxd4
f5 16. a4 Nf6 17. Qc2 Ne4 18. b5 axb5 19. axb5 Bd7 20. Bd3 cxb5 21. Rxa8 Qxa8
22. Nxb5 Bxb5 23. Bxb5 Rc8 24. Qd3 Rxc5 25. Bd7 Kh8 26. g4 Qd8 27. Ba4 Qh4 28.
gxf5 Qg5+ 29. Kh1 Qxf5 30. Kg2 Qg5+ 31. Kh1 Qh4 32. Kg2 h5 33. Bd1 Qg5+ 34. Kh1
Rc1 35. Bf4 Qf5 36. Kg2 Kh7 37. Bc2 Rxf1 38. Qxf1 Be5 39. f3 Bxf4 40. exf4 Nd2
41. Bxf5 Nxf1 42. Bc8 Ne3+ 43. Kf2 Nf5 44. Bxb7 Ne7 45. f5 gxf5 46. Ke3 Kg6 47.
f4 Kf6 48. h4 Ke6 49. Ba6 Ng6 50. Be2 d4+ 51. Kxd4 Nxf4 52. Bd1 Kf6 53. Bf3 Kg6
54. Ke5 Nd3+ 55. Ke6 Nc5+ 56. Ke5 Nd7+ 57. Kf4 Nc5 1/2-1/2

[Event "Bundesliga 9899"]
[Site "Deutschland"]
[Date "1999.04.17"]
[Round "14.5"]
[White "Lauber, Arnd"]
[Black "Toth, Bela"]
[Result "1/2-1/2"]
[WhiteElo "2418"]
[BlackElo "2385"]
[PlyCount "89"]
[EventDate "1998.10.17"]
[EventType "team"]
[EventRounds "15"]
[EventCountry "GER"]
[SourceTitle "Bundesliga 9899"]
[Source "DeepChess"]
[SourceDate "2005.01.01"]
[SourceVersion "1"]
[SourceVersionDate "2005.01.01"]
[SourceQuality "1"]
[WhiteTeam "Delmenhorster SK 1931"]
[BlackTeam "SK Zaehringen 1921"]
[WhiteTeamCountry "GER"]
[BlackTeamCountry "GER"]

1. d4 Nf6 2. c4 e6 3. Nf3 d5 4. Nc3 Be7 5. Bg5 h6 6. Bh4 O-O 7. Qc2 Na6 8. Rd1
b6 9. e4 Nb4 10. Qb1 Nxe4 11. Bxe7 Qxe7 12. Nxe4 dxe4 13. Qxe4 Rb8 14. Qb1 Bb7
15. Be2 c5 16. O-O Nc6 17. Rfe1 Nxd4 18. Nxd4 cxd4 19. Rxd4 e5 20. Bf1 Rbe8 21.
Rd2 e4 22. Qd1 Bc6 23. Rd6 Rd8 24. Rxd8 Rxd8 25. Qc2 Qd6 26. Rc1 Qc5 27. Rd1
Rxd1 28. Qxd1 a5 29. Qd2 f5 30. h4 Kh7 31. g3 Qe5 32. Qf4 Qxf4 33. gxf4 g5 34.
hxg5 hxg5 35. fxg5 Kg6 36. f4 exf3 37. Kf2 Kxg5 38. b3 Kf4 39. a3 Ke4 40. b4 a4
41. c5 bxc5 42. bxc5 f4 43. Bh3 Kd4 44. Bf5 Kc3 45. Bg4 1/2-1/2

[Event "Bundesliga 9899"]
[Site "Deutschland"]
[Date "1999.04.17"]
[Round "14.6"]
[White "Maier, Christian"]
[Black "Jugelt, Tobias"]
[Result "0-1"]
[WhiteElo "2353"]
[BlackElo "2363"]
[PlyCount "76"]
[EventDate "1998.10.17"]
[EventType "team"]
[EventRounds "15"]
[EventCountry "GER"]
[SourceTitle "Bundesliga 9899"]
[Source "DeepChess"]
[SourceDate "2005.01.01"]
[SourceVersion "1"]
[SourceVersionDate "2005.01.01"]
[SourceQuality "1"]
[WhiteTeam "SK Zaehringen 1921"]
[BlackTeam "Delmenhorster SK 1931"]
[WhiteTeamCountry "GER"]
[BlackTeamCountry "GER"]

1. e4 Nf6 2. e5 Nd5 3. c4 Nb6 4. c5 Nd5 5. Bc4 e6 6. Nc3 Nxc3 7. dxc3 d5 8.
cxd6 cxd6 9. Nf3 Qc7 10. Qe2 Nc6 11. exd6 Bxd6 12. O-O O-O 13. Re1 e5 14. Ng5
Bf5 15. g4 Bc8 16. Qd3 g6 17. Nxh7 Kxh7 18. Qh3+ Kg8 19. Qh6 Ne7 20. Re4 Qc6
21. f3 Be6 22. Bg5 Bc5+ 23. Kg2 f6 24. Bh4 Bxc4 25. Rxc4 Qd5 26. Re4 Rad8 27.
Re2 Qf7 28. b4 Bb6 29. c4 g5 30. Bg3 Qg6 31. Qxg6+ Nxg6 32. c5 Bc7 33. Rc1 Rd4
34. b5 Rb4 35. a4 Rxa4 36. c6 bxc6 37. bxc6 Kf7 38. Rd2 Ke6 0-1

[Event "Bundesliga 9899"]
[Site "Deutschland"]
[Date "1999.04.17"]
[Round "14.7"]
[White "Wesseln, Kai"]
[Black "Gruenenwald, Joerg"]
[Result "1-0"]
[WhiteElo "2345"]
[BlackElo "2323"]
[PlyCount "77"]
[EventDate "1998.10.17"]
[EventType "team"]
[EventRounds "15"]
[EventCountry "GER"]
[SourceTitle "Bundesliga 9899"]
[Source "DeepChess"]
[SourceDate "2005.01.01"]
[SourceVersion "1"]
[SourceVersionDate "2005.01.01"]
[SourceQuality "1"]
[WhiteTeam "Delmenhorster SK 1931"]
[BlackTeam "SK Zaehringen 1921"]
[WhiteTeamCountry "GER"]
[BlackTeamCountry "GER"]

1. d4 Nf6 2. Nf3 g6 3. Bf4 Bg7 4. e3 O-O 5. Be2 d6 6. h3 Nc6 7. O-O Nd7 8. c4
e5 9. Bh2 exd4 10. exd4 Qf6 11. d5 Nd4 12. Nc3 Nxe2+ 13. Qxe2 Nc5 14. b4 Na6
15. Nb5 Bd7 16. Rac1 Rfe8 17. Qd2 Bxh3 18. c5 Rad8 19. cxd6 cxd6 20. Nxd6 Re7
21. Nc4 Bd7 22. Be5 Rxe5 23. Nfxe5 Be6 24. Rfd1 Rxd5 25. Qe1 h5 26. Rxd5 Bxd5
27. Nd3 Qd4 28. Nde5 Qf4 29. g3 Qf5 30. b5 Qh3 31. f3 Nc5 32. Rd1 Be6 33. Rd4
Bf6 34. Rf4 Kg7 35. Nd6 Bg5 36. Nexf7 Bxf4 37. Qa1+ Kf8 38. Qh8+ Ke7 39. Qd8#
1-0

[Event "Bundesliga 9899"]
[Site "Deutschland"]
[Date "1999.04.17"]
[Round "14.8"]
[White "Schuh, Hubert"]
[Black "Plump, Detlef"]
[Result "1/2-1/2"]
[WhiteElo "2305"]
[BlackElo "2231"]
[PlyCount "61"]
[EventDate "1998.10.17"]
[EventType "team"]
[EventRounds "15"]
[EventCountry "GER"]
[SourceTitle "Bundesliga 9899"]
[Source "DeepChess"]
[SourceDate "2005.01.01"]
[SourceVersion "1"]
[SourceVersionDate "2005.01.01"]
[SourceQuality "1"]
[WhiteTeam "SK Zaehringen 1921"]
[BlackTeam "Delmenhorster SK 1931"]
[WhiteTeamCountry "GER"]
[BlackTeamCountry "GER"]

1. d4 Nf6 2. Nf3 e6 3. g3 b6 4. Bg2 Bb7 5. O-O c5 6. c4 cxd4 7. Qxd4 d6 8. Nc3
a6 9. Rd1 Nbd7 10. Ng5 Bxg2 11. Kxg2 Rc8 12. Nge4 Rc6 13. b3 Be7 14. Bg5 O-O
15. Nxf6+ Bxf6 16. Bxf6 Nxf6 17. Rd3 Qe7 18. f3 Rfc8 19. Rad1 Qc7 20. Ne4 Nxe4
21. Qxe4 h6 22. Qf4 Rd8 23. R1d2 b5 24. cxb5 axb5 25. Qb4 Rc5 26. e4 Qc6 27. a4
bxa4 28. bxa4 Rc4 29. Qb5 Qxb5 30. axb5 Rb4 31. h4 1/2-1/2

[Event "Bundesliga 9899"]
[Site "Deutschland"]
[Date "1999.04.17"]
[Round "14.1"]
[White "Maiwald, Jens Uwe"]
[Black "Ftacnik, Lubomir"]
[Result "1/2-1/2"]
[WhiteElo "2467"]
[BlackElo "2585"]
[PlyCount "99"]
[EventDate "1998.10.17"]
[EventType "team"]
[EventRounds "15"]
[EventCountry "GER"]
[SourceTitle "Bundesliga 9899"]
[Source "DeepChess"]
[SourceDate "2005.01.01"]
[SourceVersion "1"]
[SourceVersionDate "2005.01.01"]
[SourceQuality "1"]
[WhiteTeam "Dresdner SC 1898"]
[BlackTeam "Hamburger SK 1830 e.V."]
[WhiteTeamCountry "GER"]
[BlackTeamCountry "GER"]

1. e4 d6 2. d4 Nf6 3. Nc3 g6 4. Be3 c6 5. h3 b5 6. e5 Nfd7 7. exd6 exd6 8. d5
a6 9. Nf3 Ne5 10. Nxe5 dxe5 11. Qf3 b4 12. Na4 cxd5 13. Nb6 Bb7 14. O-O-O e4
15. Qg3 Bd6 16. f4 Nd7 17. Nxd5 Rc8 18. Kb1 O-O 19. h4 Qa5 20. Qg5 f5 21. Nb6
b3 22. axb3 Nxb6 23. Rxd6 Qe1+ 24. Bc1 Qf2 25. c4 e3 26. Bd3 e2 27. Bd2 Rc6 28.
Qe7 Rxd6 29. Qxd6 Be4 30. Bxe4 Qf1+ 31. Ka2 fxe4 32. Bc3 Qxh1 33. Qe6+ Rf7 34.
Qe8+ Rf8 35. Qe5 Kf7 36. Qf6+ Ke8 37. Qe6+ Kd8 38. Ba5 Kc7 39. Qxb6+ Kd7 40.
Qd4+ Ke7 41. Qc5+ Kd7 42. Qxf8 e1=Q 43. Qf7+ Kd6 44. c5+ Kxc5 45. Qc7+ Kd4 46.
Bb6+ Kd3 47. Qc4+ Kd2 48. Ba5+ Kd1 49. Qd4+ Kc2 50. Qc4+ 1/2-1/2

[Event "Bundesliga 9899"]
[Site "Deutschland"]
[Date "1999.04.17"]
[Round "14.2"]
[White "Wahls, Matthias"]
[Black "Boensch, Uwe"]
[Result "0-1"]
[WhiteElo "2609"]
[BlackElo "2533"]
[PlyCount "68"]
[EventDate "1998.10.17"]
[EventType "team"]
[EventRounds "15"]
[EventCountry "GER"]
[SourceTitle "Bundesliga 9899"]
[Source "DeepChess"]
[SourceDate "2005.01.01"]
[SourceVersion "1"]
[SourceVersionDate "2005.01.01"]
[SourceQuality "1"]
[WhiteTeam "Hamburger SK 1830 e.V."]
[BlackTeam "Dresdner SC 1898"]
[WhiteTeamCountry "GER"]
[BlackTeamCountry "GER"]

1. e4 c5 2. Nf3 d6 3. d4 cxd4 4. Nxd4 Nf6 5. Nc3 e6 6. g4 h6 7. Bg2 Nc6 8. h3
Nxd4 9. Qxd4 e5 10. Qd3 Be6 11. f4 Rc8 12. f5 Bc4 13. Qe3 b5 14. b3 b4 15. Nd1
Bb5 16. c4 bxc3 17. Nxc3 Bc6 18. Qxa7 d5 19. exd5 Bb4 20. Bd2 Bd7 21. Qe3 O-O
22. Rc1 e4 23. Ke2 Rxc3 24. Bxc3 Nxd5 25. Qd4 Nxc3+ 26. Rxc3 Bb5+ 27. Ke3 Qxd4+
28. Kxd4 Rd8+ 29. Kxe4 Bxc3 30. Kf4 Rd4+ 31. Kg3 Rd3+ 32. Kf4 Bd2+ 33. Ke5 f6+
34. Ke4 Rg3 0-1

[Event "Bundesliga 9899"]
[Site "Deutschland"]
[Date "1999.04.17"]
[Round "14.3"]
[White "Tischbierek, Raj"]
[Black "Kempinski, Robert"]
[Result "0-1"]
[WhiteElo "2515"]
[BlackElo "2545"]
[PlyCount "64"]
[EventDate "1998.10.17"]
[EventType "team"]
[EventRounds "15"]
[EventCountry "GER"]
[SourceTitle "Bundesliga 9899"]
[Source "DeepChess"]
[SourceDate "2005.01.01"]
[SourceVersion "1"]
[SourceVersionDate "2005.01.01"]
[SourceQuality "1"]
[WhiteTeam "Dresdner SC 1898"]
[BlackTeam "Hamburger SK 1830 e.V."]
[WhiteTeamCountry "GER"]
[BlackTeamCountry "GER"]

1. g3 d5 2. Bg2 Nf6 3. d3 g6 4. Nc3 Bg7 5. Bg5 h6 6. Bxf6 Bxf6 7. Nf3 c6 8. O-O
Nd7 9. e4 dxe4 10. dxe4 h5 11. Qe2 Qa5 12. Rfe1 Ne5 13. Nxe5 Bxe5 14. Nd1 Bg4
15. f3 Be6 16. c3 h4 17. f4 Bc7 18. b4 Qa3 19. f5 Bb6+ 20. Kf1 Bd7 21. g4 h3
22. Bf3 a5 23. Rb1 axb4 24. Rxb4 Bc5 25. Rb2 Qa5 26. e5 gxf5 27. Rxb7 fxg4 28.
e6 gxf3 29. exd7+ Kd8 30. Qc4 Rg8 31. Ne3 Bxe3 32. Rxe3 Qg5 0-1

[Event "Bundesliga 9899"]
[Site "Deutschland"]
[Date "1999.04.17"]
[Round "14.4"]
[White "Mueller, Karsten"]
[Black "Uhlmann, Wolfgang"]
[Result "1-0"]
[WhiteElo "2558"]
[BlackElo "2475"]
[PlyCount "117"]
[EventDate "1998.10.17"]
[EventType "team"]
[EventRounds "15"]
[EventCountry "GER"]
[SourceTitle "Bundesliga 9899"]
[Source "DeepChess"]
[SourceDate "2005.01.01"]
[SourceVersion "1"]
[SourceVersionDate "2005.01.01"]
[SourceQuality "1"]
[WhiteTeam "Hamburger SK 1830 e.V."]
[BlackTeam "Dresdner SC 1898"]
[WhiteTeamCountry "GER"]
[BlackTeamCountry "GER"]

1. e4 e6 2. d4 d5 3. Nc3 Bb4 4. exd5 exd5 5. Bd3 c6 6. Qf3 Qf6 7. Bf4 Ne7 8.
Qg3 Nd7 9. a3 Ng6 10. Bg5 Qe6+ 11. Kd2 Bxc3+ 12. bxc3 Nf6 13. f3 O-O 14. Re1
Nh5 15. Qc7 Qd7 16. Qxd7 Bxd7 17. Ne2 h6 18. Be3 Nh4 19. Rhg1 Rfe8 20. Bf2 Ng6
21. Rb1 b6 22. Rge1 Re7 23. g4 Nhf4 24. Nxf4 Rxe1 25. Rxe1 Nxf4 26. Re7 Nxd3
27. cxd3 Be8 28. Bg3 b5 29. Bc7 f6 30. Ba5 h5 31. h3 Rc8 32. Rxa7 hxg4 33. hxg4
Bg6 34. Bc7 Kh7 35. f4 f5 36. gxf5 Bxf5 37. Be5 Rg8 38. Rc7 Ra8 39. Rxg7+ Kh6
40. Rf7 Bh3 41. Rf6+ Kh5 42. Rxc6 Rxa3 43. Rc5 Ra2+ 44. Kc1 Bf5 45. Rxb5 Bxd3
46. Rxd5 Kg4 47. Rd8 Rc2+ 48. Kd1 Rxc3 49. Kd2 Rb3 50. d5 Bf5 51. Ke2 Kh5 52.
d6 Rb7 53. Rg8 Kh6 54. Ke3 Kh7 55. Rg5 Bc2 56. Kd4 Ba4 57. Kc5 Rb5+ 58. Kc4 Rb7
59. f5 1-0

[Event "Bundesliga 9899"]
[Site "Deutschland"]
[Date "1999.04.17"]
[Round "14.5"]
[White "Borriss, Martin"]
[Black "Heinemann, Thies"]
[Result "1/2-1/2"]
[WhiteElo "2408"]
[BlackElo "2483"]
[PlyCount "100"]
[EventDate "1998.10.17"]
[EventType "team"]
[EventRounds "15"]
[EventCountry "GER"]
[SourceTitle "Bundesliga 9899"]
[Source "DeepChess"]
[SourceDate "2005.01.01"]
[SourceVersion "1"]
[SourceVersionDate "2005.01.01"]
[SourceQuality "1"]
[WhiteTeam "Dresdner SC 1898"]
[BlackTeam "Hamburger SK 1830 e.V."]
[WhiteTeamCountry "GER"]
[BlackTeamCountry "GER"]

1. e4 c5 2. Nf3 d6 3. d4 cxd4 4. Nxd4 Nf6 5. Nc3 a6 6. Be3 e5 7. Nb3 Be7 8. f3
Be6 9. Qd2 O-O 10. O-O-O a5 11. a4 Nc6 12. g4 Nb4 13. Bb5 Qc7 14. Kb1 Rfc8 15.
g5 Nh5 16. Qf2 Bd8 17. Rd2 Qe7 18. Rhd1 Bc7 19. h4 Rd8 20. Nc5 Bb8 21. Nxe6
fxe6 22. Bc4 Rc8 23. Bb3 Ra6 24. Nb5 Rac6 25. c3 Na6 26. Ba7 Bc7 27. Nxc7 R8xc7
28. Bb6 Rc8 29. Bxa5 Nc5 30. Bc2 b6 31. Bb4 Ra8 32. Qe2 Nf4 33. Qb5 Qc7 34. Ba3
Ra5 35. Qf1 Ra8 36. Qb5 Ra5 37. Rxd6 Rxb5 38. Rd8+ Kf7 39. axb5 Kg6 40. bxc6
Qxc6 41. Bxc5 Qxc5 42. R1d7 Qg1+ 43. Ka2 Qf2 44. Bb3 Qe2 45. Rg8 Kh5 46. Rgxg7
Kxh4 47. Rxh7+ Kxg5 48. Rhg7+ Kh6 49. Rh7+ Kg5 50. Rhg7+ Kh6 1/2-1/2

[Event "Bundesliga 9899"]
[Site "Deutschland"]
[Date "1999.04.17"]
[Round "14.6"]
[White "Hansen, Sune Berg"]
[Black "Gauglitz, Gernot"]
[Result "1-0"]
[WhiteElo "2520"]
[BlackElo "2410"]
[PlyCount "107"]
[EventDate "1998.10.17"]
[EventType "team"]
[EventRounds "15"]
[EventCountry "GER"]
[SourceTitle "Bundesliga 9899"]
[Source "DeepChess"]
[SourceDate "2005.01.01"]
[SourceVersion "1"]
[SourceVersionDate "2005.01.01"]
[SourceQuality "1"]
[WhiteTeam "Hamburger SK 1830 e.V."]
[BlackTeam "Dresdner SC 1898"]
[WhiteTeamCountry "GER"]
[BlackTeamCountry "GER"]

1. e4 c5 2. Nf3 Nc6 3. Nc3 e5 4. Bc4 d6 5. d3 h6 6. h3 g5 7. Nh2 Bg7 8. Qh5 Qd7
9. Nd5 Nd4 10. c3 Ne6 11. a4 Qd8 12. Ng4 Bd7 13. Nge3 Nf6 14. Nxf6+ Qxf6 15. g3
Nc7 16. a5 Rd8 17. O-O Qg6 18. Qxg6 fxg6 19. Kg2 Bc6 20. Re1 Ke7 21. Bd2 a6 22.
Rab1 d5 23. exd5 Nxd5 24. Kg1 Rhe8 25. Nxd5+ Bxd5 26. Be3 Kd6 27. b4 Bxc4 28.
dxc4 e4 29. bxc5+ Kc7 30. c6 Kxc6 31. Rb6+ Kc7 32. Reb1 Rb8 33. Rxg6 Bxc3 34.
Bb6+ Kd7 35. Rxh6 Rh8 36. Rd1+ Ke7 37. Bc5+ Kf7 38. Rd7+ Ke8 39. Re7+ Kd8 40.
Rhe6 Bxa5 41. Rxe4 b5 42. Bd4 Rg8 43. Bf6 Kc8 44. cxb5 axb5 45. R4e5 Bb6 46.
Re8+ Rxe8 47. Rxe8+ Kb7 48. Rxb8+ Kxb8 49. h4 gxh4 50. gxh4 Bc5 51. Bg7 b4 52.
h5 b3 53. h6 Bf8 54. Be5+ 1-0

[Event "Bundesliga 9899"]
[Site "Deutschland"]
[Date "1999.04.17"]
[Round "14.7"]
[White "Goldberg, Alexander"]
[Black "Wilhelmi, Christian"]
[Result "0-1"]
[WhiteElo "2405"]
[BlackElo "2446"]
[PlyCount "152"]
[EventDate "1998.10.17"]
[EventType "team"]
[EventRounds "15"]
[EventCountry "GER"]
[SourceTitle "Bundesliga 9899"]
[Source "DeepChess"]
[SourceDate "2005.01.01"]
[SourceVersion "1"]
[SourceVersionDate "2005.01.01"]
[SourceQuality "1"]
[WhiteTeam "Dresdner SC 1898"]
[BlackTeam "Hamburger SK 1830 e.V."]
[WhiteTeamCountry "GER"]
[BlackTeamCountry "GER"]

1. e4 c5 2. Nf3 Nc6 3. d4 cxd4 4. Nxd4 Qc7 5. Nc3 e6 6. Be2 a6 7. f4 b5 8. Bf3
Bb7 9. Be3 Rc8 10. O-O Na5 11. Kh1 Nc4 12. Bc1 b4 13. Nce2 Nf6 14. Ng3 h5 15.
Nxh5 Nxe4 16. Bxe4 Bxe4 17. Qg4 Qc5 18. Nxg7+ Bxg7 19. Qxg7 Rh7 20. Qg8+ Ke7
21. Qg5+ Qxg5 22. fxg5 Rch8 23. Nf3 Bxf3 24. Rxf3 Rxh2+ 25. Kg1 Ne5 26. Rg3
R2h4 27. b3 Nc6 28. Bb2 e5 29. Re1 Rh1+ 30. Kf2 Rxe1 31. Kxe1 Rh1+ 32. Kd2 Rb1
33. Bc1 Ra1 34. Bb2 Rb1 35. Bc1 Ra1 36. Bb2 Rxa2 37. Kc1 Ra5 38. g6 fxg6 39.
Rxg6 Rd5 40. g4 Nd4 41. Rxa6 Ne2+ 42. Kb1 Nc3+ 43. Bxc3 bxc3 44. Rh6 Rd1+ 45.
Ka2 Rd2 46. b4 Rxc2+ 47. Kb3 Rc1 48. b5 Rb1+ 49. Kxc3 Rxb5 50. Kc4 Ra5 51. Rh7+
Kd6 52. Rh6+ Kc7 53. g5 d6 54. Rh8 Kd7 55. Rg8 Ra4+ 56. Kb5 Rg4 57. g6 Ke6 58.
g7 Kd5 59. Kb6 e4 60. Kb5 Rg1 61. Kb4 Rg3 62. Kb5 Kd4 63. Rd8 Rxg7 64. Rxd6+
Ke3 65. Kc4 Rg1 66. Re6 Rd1 67. Re8 Kf3 68. Kc3 e3 69. Rf8+ Kg2 70. Rg8+ Kf2
71. Rf8+ Ke1 72. Kc2 e2 73. Rf7 Rd5 74. Re7 Rf5 75. Kd3 Rf3+ 76. Kc2 Kf1 0-1

[Event "Bundesliga 9899"]
[Site "Deutschland"]
[Date "1999.04.17"]
[Round "14.8"]
[White "Michaelsen, Nils"]
[Black "Heinatz, Thomas"]
[Result "0-1"]
[WhiteElo "2440"]
[BlackElo "2320"]
[PlyCount "120"]
[EventDate "1998.10.17"]
[EventType "team"]
[EventRounds "15"]
[EventCountry "GER"]
[SourceTitle "Bundesliga 9899"]
[Source "DeepChess"]
[SourceDate "2005.01.01"]
[SourceVersion "1"]
[SourceVersionDate "2005.01.01"]
[SourceQuality "1"]
[WhiteTeam "Hamburger SK 1830 e.V."]
[BlackTeam "Dresdner SC 1898"]
[WhiteTeamCountry "GER"]
[BlackTeamCountry "GER"]

1. d4 Nf6 2. c4 d6 3. Nc3 Nbd7 4. e4 e5 5. Nf3 Be7 6. Be2 O-O 7. O-O c6 8. Re1
Re8 9. Bf1 Bf8 10. Rb1 a6 11. b4 exd4 12. Nxd4 Qc7 13. Bg5 b6 14. Qd2 Bb7 15.
Nc2 b5 16. Rbc1 Rac8 17. a3 Qb8 18. f3 h6 19. Bh4 bxc4 20. Bxc4 d5 21. Bg3 Qa8
22. exd5 Rxe1+ 23. Rxe1 cxd5 24. Bb3 a5 25. Kh1 Nh5 26. Bf2 axb4 27. axb4 Ndf6
28. Nb5 Qb8 29. Ba7 Qf4 30. Qxf4 Nxf4 31. Rd1 Ba6 32. Nbd4 Nd3 33. Ra1 Nxb4 34.
Nxb4 Bxb4 35. Nc2 Bc4 36. Nxb4 Bxb3 37. Bd4 Nd7 38. Rb1 Bc4 39. Ra1 Nc5 40. Be5
Ne6 41. Rc1 Re8 42. Kg1 f6 43. Bc3 Nf4 44. Re1 Re2 45. g3 Nh3+ 46. Kh1 d4 47.
Rxe2 Bxe2 48. Kg2 dxc3 49. Kxh3 Bxf3 50. g4 Be4 51. Kg3 g5 52. h4 c2 53. Na2
Bd5 54. Nc1 Kf7 55. hxg5 hxg5 56. Kf2 Be6 57. Kf3 Ke7 58. Nd3 Kd6 59. Kg3 Bc4
60. Nc1 Ke5 0-1

[Event "Bundesliga 9899"]
[Site "Deutschland"]
[Date "1999.04.17"]
[Round "14.1"]
[White "Rozentalis, Eduardas"]
[Black "Casper, Thomas"]
[Result "1-0"]
[WhiteElo "2577"]
[BlackElo "2435"]
[PlyCount "69"]
[EventDate "1998.10.17"]
[EventType "team"]
[EventRounds "15"]
[EventCountry "GER"]
[SourceTitle "Bundesliga 9899"]
[Source "DeepChess"]
[SourceDate "2005.01.01"]
[SourceVersion "1"]
[SourceVersionDate "2005.01.01"]
[SourceQuality "1"]
[WhiteTeam "SV Castrop Rauxel 1923"]
[BlackTeam "Erfurter SK"]
[WhiteTeamCountry "GER"]
[BlackTeamCountry "GER"]

1. e4 e6 2. d4 d5 3. Nd2 c5 4. Ngf3 Nc6 5. exd5 exd5 6. Bb5 Bd6 7. O-O Nge7 8.
dxc5 Bxc5 9. Nb3 Bb6 10. h3 O-O 11. Bf4 Bf5 12. c3 Be4 13. Nbd4 Ng6 14. Bg3 Qf6
15. Qd2 a6 16. Be2 Rfe8 17. Rfe1 Rad8 18. Nxc6 bxc6 19. Qg5 a5 20. Qxf6 gxf6
21. Nd4 c5 22. Nc6 Rc8 23. Bb5 Re6 24. Nb8 Bc7 25. Bxc7 Rxc7 26. Na6 Rb7 27. a4
Rxa6 28. Bxa6 Rxb2 29. Rad1 Ne5 30. Re2 Rb6 31. Bb5 c4 32. Rd4 Re6 33. Re3 f5
34. Re2 Bd3 35. Rd2 1-0

[Event "Bundesliga 9899"]
[Site "Deutschland"]
[Date "1999.04.17"]
[Round "14.2"]
[White "Mueller, Matthias"]
[Black "Van der Sterren, Paul"]
[Result "1/2-1/2"]
[WhiteElo "2395"]
[BlackElo "2559"]
[PlyCount "84"]
[EventDate "1998.10.17"]
[EventType "team"]
[EventRounds "15"]
[EventCountry "GER"]
[SourceTitle "Bundesliga 9899"]
[Source "DeepChess"]
[SourceDate "2005.01.01"]
[SourceVersion "1"]
[SourceVersionDate "2005.01.01"]
[SourceQuality "1"]
[WhiteTeam "Erfurter SK"]
[BlackTeam "SV Castrop Rauxel 1923"]
[WhiteTeamCountry "GER"]
[BlackTeamCountry "GER"]

1. e4 e5 2. Nf3 Nc6 3. d4 exd4 4. Nxd4 Bc5 5. Nxc6 Qf6 6. Qd2 dxc6 7. Nc3 Ne7
8. Qf4 Ng6 9. Qxf6 gxf6 10. Bd2 Rg8 11. f4 Nh4 12. Na4 Bf8 13. O-O-O Nxg2 14.
f5 b5 15. Rg1 bxa4 16. Rxg2 Rxg2 17. Bxg2 Bd7 18. Bf4 O-O-O 19. Bf1 Re8 20.
Ba6+ Kd8 21. Bb7 Bd6 22. Bxd6 cxd6 23. Rxd6 Kc7 24. Rd4 Re7 25. Ba6 c5 26. Rd5
Bc6 27. Rxc5 Kb6 28. Rc3 Rxe4 29. Bc4 Rf4 30. Bxf7 Rf1+ 31. Kd2 Rf2+ 32. Ke3
Rxh2 33. Kf4 Rf2+ 34. Kg4 Be4 35. Be6 Bxc2 36. Kg3 Rd2 37. Rc8 Rd3+ 38. Kf2 Bb1
39. Rf8 Kc5 40. Rxf6 Rd2+ 41. Ke3 Rxb2 42. Rf7 Bxa2 1/2-1/2